Geografía activa 1 : experiencias de aprendizaje /

Guardado en:
Autor Principal: Paso Viola, Luis Fernando
Otros Autores: Durán, Diana / Daguerre, Celia
Formato: Libro
Publicado: Buenos Aires : Troquel, 1988
Materias:
Etiquetas: Agregar Etiqueta
Sin Etiquetas, Sea el primero en etiquetar este registro!
LEADER 01124nam a22002655a 4500
001 CEM.cems007121
005 20061017143558.0
008 130507s1988##################000#0#####d
003 CEMS
020 |a 9501663701 
082 0 4 |a 910 
100 1 |a Paso Viola, Luis Fernando 
245 1 0 |a Geografía activa 1 :  |b experiencias de aprendizaje /  |c Luis Fernando Paso Viola ; diana Durán ; celia Daguerre 
260 |a Buenos Aires :  |b Troquel,  |c 1988 
300 |a 127 p. 
505 0 |a La geografía -- La cartografía -- La geología -- La geomorfología -- La hidrología -- La climatología -- La biogeografía -- Geografía humana 1 -- Geografía humana II -- Geografía regional: Africa y Asia 
653 |a Cartografía 
653 |a Didáctica de la geografía 
653 |a Geografía 
653 |a Geografía de africa 
653 |a Geografía de asia 
700 1 |a Durán, Diana / Daguerre, Celia 
859 |a CEMS  |b BIB. CEMS - 11 de abril  |h 910  |i P264  |p 16861.93  |t Ej.1  |v 1  |3 1 
859 |a CEMS  |b BIB. CEMS - 11 de abril  |h 910  |i P264  |p 17547.94  |t Ej.2  |v 1  |3 1 
859 |a CEMS  |b BIB. CEMS - 11 de abril  |h 910  |i P264  |p 17792.94  |t Ej.3  |v 1  |3 1